000 00532nam a2200193 a 4500
001 000031575
003 OSt
005 20201020140028.0
008 110627s199u dr a 000 0 spa d
040 _aDO-SdBNP
_bspa
_cBNPHU
049 _aBNPD
082 _axxxx
_bD542j
100 1 _aDíaz, Gumersindo
_948945
245 1 0 _aJesús pan de vida :
_badoración eucarística.
_cGumersindo Díaz
260 _a[Santo Domingo] :
_b[s.n.],
_c[s.f.].
300 _a47 p. ;
_c22 cm.
590 _aInventariado, 2020/ YL
942 _2ddc
_cLBS1
999 _c31067
_d31067